|
|
|
|
| LEADER |
00000nam0a2200000 4500 |
| 001 |
251514 |
| 005 |
20231101232650.0 |
| 010 |
|
|
|a 578550166X
|
| 020 |
|
|
|a RU
|b 89-18388
|
| 035 |
|
|
|a (RuTPU)RU\TPU\book\273816
|
| 090 |
|
|
|a 251514
|
| 100 |
|
|
|a 20140221d1989 k y0rusy5003 ca
|
| 101 |
0 |
|
|a rus
|
| 102 |
|
|
|a BY
|
| 105 |
|
|
|a y z 001zy
|
| 200 |
1 |
|
|a Утопическое сознание
|e сущность, социально -полититические функции
|f Ч. С. Кирвель
|
| 210 |
|
|
|a Минск
|c Университетское
|d 1989
|
| 215 |
|
|
|a 192 с.
|
| 320 |
|
|
|a Библиография в примечаниях.
|
| 606 |
1 |
|
|a Утопический социализм
|x Политиическая мысль
|x История
|2 stltpush
|3 (RuTPU)RU\TPU\subj\63480
|9 80506
|
| 606 |
1 |
|
|a Общественное бытие и общественное сознание
|x Социальная философия
|2 stltpush
|3 (RuTPU)RU\TPU\subj\46656
|9 65773
|
| 610 |
1 |
|
|a социальные утопии
|
| 610 |
1 |
|
|a теория
|
| 610 |
1 |
|
|a методология
|
| 610 |
1 |
|
|a капиталистическое общество
|
| 610 |
1 |
|
|a эволюция
|
| 686 |
|
|
|a Ю662
|2 rubbk
|
| 686 |
|
|
|a Ф02(0)
|2 rubbk
|
| 700 |
|
1 |
|a Кирвель
|b Ч. С.
|g Чеславу Станиславович
|4 070
|
| 801 |
|
0 |
|a RU
|b RuMRKP
|c 19950417
|g psbo
|
| 801 |
|
1 |
|a RU
|b 63413507
|c 20140221
|
| 801 |
|
2 |
|a RU
|b 63413507
|c 20140227
|g RCR
|
| 942 |
|
|
|c BK
|